S.H.I.M.L.A. Investigators: (Record no. 207957)

MARC details
000 -LEADER
fixed length control field 00752nam a22002177a 4500
005 - DATE AND TIME OF LATEST TRANSACTION
control field 20250101122125.0
010 ## - LCCN (DPL NO)
LC control number B-761534
020 ## - INTERNATIONAL STANDARD BOOK NUMBER
International Standard Book Number 9789354911804
Terms of availability 125.00
035 ## - SYSTEM CONTROL NUMBER
System control number B-761534
037 ## - SOURCE OF ACQUISITION
Source of stock number/acquisition Gift
082 ## - DEWEY DECIMAL CLASSIFICATION NUMBER
Classification number S
Edition number 1
100 ## - MAIN ENTRY--PERSONAL NAME
Personal name Chaudhry, Minakshi
245 ## - TITLE STATEMENT
Title S.H.I.M.L.A. Investigators:
Remainder of title A Treacherous Beauty Contest/
Statement of responsibility, etc By Minakshi Chaudhry [and] Illustrated By Saibal Chatterjee
250 ## - EDITION STATEMENT
Edition statement 1
260 ## - PUBLICATION, DISTRIBUTION, ETC. (IMPRINT)
Place of publication, distribution, etc New Delhi
Name of publisher, distributor, etc National Book Trust, India
Date of publication, distribution, etc 2022
270 ## - ADDRESS
Address Nehru Bhawan, 5 Institutional Area, Phase-II Vasant Kunj
City New Delhi
Postal code 110070
300 ## - PHYSICAL DESCRIPTION
Extent 188p.
Dimensions 22cm(pb)
700 ## - ADDED ENTRY--PERSONAL NAME
Personal name Chatterjee, Saibal
Relator term Illustrated
9 (RLIN) 72670
942 ## - ADDED ENTRY ELEMENTS (KOHA)
Source of classification or shelving scheme Dewey Decimal Classification
Item type English Books
Call number suffix CHA
Classification part S
Holdings
Withdrawn status Lost status Not for loan Collection code Home library Current library Date acquired Source of acquisition Cost, normal purchase price Full call number Barcode Copy number Cost, replacement price Koha item type Public note
      Fiction Central Library Central Library 01/01/2025 Gift/19.12.24 125.00 CHA S B-761534 1 125.00 English Books Gift

© Delhi Public Library
Hit Counter
free hit counter